000 00449 a2200169 4500
005 20250626060458.0
020 _a0-02-635221-4
082 _a621.382 STR
100 _aSTRONG, W
245 _aWriters's Choice: Composition and Grammar
250 _a10th Ed.
260 _aNew York
_bMcGraw-Hill Irwin
_c1993.
300 _axxiv, 808p.; ill.; pictures, figures
_bIndex
_c23cm
700 _aMark Lester
700 _aLigature Inc
942 _2ddc
_cBKS
999 _c5179
_d5179